Abel y Caín (Record no. 173807)

MARC details
000 -LEADER
campo de control de longitud fija 01568namaa22002651 4500
001 - NÚMERO DE CONTROL
campo de control 173807
003 - IDENTIFICADOR DE NÚMERO DE CONTROL
campo de control ES-MaACL
005 - FECHA Y HORA DE LA ÚLTIMA TRANSACCIÓN
campo de control 20250824053552.0
007 - CAMPO FIJO DE DESCRIPCIÓN FÍSICA--INFORMACIÓN GENERAL
campo de control de longitud fija t|
008 - DATOS DE LONGITUD FIJA--INFORMACIÓN GENERAL
campo de control de longitud fija 100122s1873 sp || |||| | spa d
080 ## - NÚMERO DE LA CLASIFICACIÓN DECIMAL UNIVERSAL
Número de la Clasificación Decimal Universal 78.089.1
100 1# - ENTRADA PRINCIPAL--NOMBRE DE PERSONA
Nombre de persona Granés, Salvador María.
9 (RLIN) 127535
245 10 - MENCIÓN DEL TÍTULO
Título Abel y Caín
Resto del título : zarzuela en dos actos y en verso /
Mención de responsabilidad, etc. letra de D. Salvador María Granés ; música del maestro Chapí.
260 ## - PUBLICACIÓN, DISTRIBUCIÓN, ETC.
Lugar de publicación, distribución, etc. Madrid :
Nombre del editor, distribuidor, etc. [s.n.],
Fecha de publicación, distribución, etc. 1873 (
Fabricante Imp. de Gabriel Alhambra)
300 ## - DESCRIPCIÓN FÍSICA
Extensión 49 p. ;
Dimensiones 20 cm.
490 1# - MENCIÓN DE SERIE
Mención de serie Biblioteca dramática : colección de comedias y zarzuelas bufas y serias representadas con éxito en los teatros de Madrid y provincias
500 ## - NOTA GENERAL
Nota general En la portada: "Representada con grán éxito, por primera vez, en el teatro del Circo el 14 de mayo de 1875"
500 ## - NOTA GENERAL
Nota general Solo la letra.
596 ## - NOTA AL PIE DE IMPRENTA
NOTA AL PIE DE IMPRENTA En la cubierta: "Se vende en Madrid, librería de Cuesta, calle de las Carretas, núm. 9 y S. Martín, Puerta del Sol; en provincias, en casa de sus corresponsales"
700 1# - ENTRADA AGREGADA--NOMBRE PERSONAL
Nombre de persona Chapí, Ruperto,
Fechas asociadas al nombre 1851-1909
9 (RLIN) 38014
830 00 - PUNTO DE ACCESO ADICIONAL DE SERIE-TÍTULO UNIFORME
Título uniforme Biblioteca dramática
9 (RLIN) 242024
852 ## - LOCALIZACIÓN
Ubicación ES-MaACL
Número de control de estantería F-8616(1)
Nota libre .- Enc. pasta española
condición física .- Falto de la cub. original
Nota libre .- Enc. en un vol. facticio formando parte de la col. facticia "Teatro español moderno", vol. 71
852 ## - LOCALIZACIÓN
Ubicación ES-MaACL
Número de control de estantería F-8616(2)
Nota libre .- Enc. pasta española
condición física .- Falto de la cub. original
Nota libre .- Enc. en un vol. facticio formando parte de la col. facticia "Teatro español moderno", vol. 71
-- .- Firma ms. de Gustavo Saenz Diez, 1877
Holdings
Estatus retirado Estado de pérdida Estado de daño No para préstamo Colección Biblioteca de origen Biblioteca actual Ubicación en estantería Fecha de adquisición Fuente de adquisición Total de préstamos Signatura topográfica completa Código de barras Visto por última vez Precio de reemplazo Tipo de ítem Koha
        Libros del s. XIX Biblioteca del Ateneo de Madrid Biblioteca del Ateneo de Madrid Sala Pecera Planta 2 22/01/2010     F-8616(2) 1182438 23/02/2023 23/02/2023 Libro impreso antiguo
        Libros del s. XIX Biblioteca del Ateneo de Madrid Biblioteca del Ateneo de Madrid Sala Pecera Planta 2 22/01/2010     F-8616(1) 1182437 23/02/2023 23/02/2023 Libro impreso antiguo